000 00820cab a2200253 4500
001 ABS49702
008 090401t1993 xxu||||| |||| 00| 0 eng d
035 _a(Sirsi) u72421
041 _aeng
100 _aHarrison, R.
245 _aFair dealing between creditor and surety
260 _c1993
350 _a0
490 _aSolicitors` Journal
_v137(43) 12 November 1993, 1126-1128(3)
520 _aReviews the recent case of "Barclays Bank v O`Brien" and questions whether the House of Lords decision overlooked the principle of fair dealing between the creditor and surety.
650 _aDUTY OF DISCLOSURE
650 _aFAIR DEALING
650 _aGUARANTEES
650 _aMISREPRESENTATION ACT 1967
650 _aSURETIES
690 _aPROPERTY LAW AND PRACTICE
942 _n0
948 _c04/03/1997
999 _c45757
_d45757